Central Library OPAC University of Rajshahi

Our knowledge of the external world : (Record no. 261)

MARC details
000 -LEADER
fixed length control field 01513cam a2200349 a 4500
001 - CONTROL NUMBER
control field 261
003 - CONTROL NUMBER IDENTIFIER
rucl marc code BD-RjUL
005 - DATE AND TIME OF LATEST TRANSACTION
control field 20211208233137.0
008 - FIXED-LENGTH DATA ELEMENTS--GENERAL INFORMATION
fixed length control field 131112r19721926enk 001 0 eng d
020 ## - INTERNATIONAL STANDARD BOOK NUMBER
International Standard Book Number 0041210085
035 ## - SYSTEM CONTROL NUMBER
System control number (BD-RjUL)278
040 ## - CATALOGING SOURCE
Original cataloging agency BD-RjUL
Language of cataloging eng
Transcribing agency BD-RjUL
041 ## - LANGUAGE CODE
Language code of text/sound track or separate title eng
082 ## - DEWEY DECIMAL CLASSIFICATION NUMBER
Edition number 22
Classification number 146.4
Author mark and year RUO
100 1# - MAIN ENTRY--PERSONAL NAME
Personal name Russell, Bertrand,
Dates associated with a name 1872-1970.
9 (RLIN) 854
245 10 - TITLE STATEMENT
Title Our knowledge of the external world :
Remainder of title as a field for scientific method in philosophy /
Statement of responsibility, etc. Bertrand Russell.
250 ## - EDITION STATEMENT
Edition statement [Rev. ed.]
260 ## - PUBLICATION, DISTRIBUTION, ETC. (IMPRINT)
Place of publication, distribution, etc. London :
Name of publisher, distributor, etc. Allen & Unwin,
Date of publication, distribution, etc. 1926 [ Impression 1972.]
300 ## - PHYSICAL DESCRIPTION
Pagination 251 p. ;
Size 23 cm.
500 ## - GENERAL NOTE
General note Delivered as Lowell lectures in 1914.
General note This ed. originally published: London : Allen & Unwin, 1926.
General note 1st ed. originally published: Chicago : Open Court, 1914. Reissued: London : Allen & Unwin, 1922.
504 ## - BIBLIOGRAPHY, ETC. NOTE
Bibliography, etc Includes bibliographical footnotes and index.
505 0# - FORMATTED CONTENTS NOTE
Formatted contents note Current tendencies -- Logic as the essence of philosophy -- On our knowledge of the external world -- The world of physics and the world of sense -- The theory of continuity -- The problem of infinity considered historically -- The positive theory of infinity -- On the notion of cause, with applications to the free-will problem.
526 ## - STUDY PROGRAM INFORMATION NOTE
Requested Dept. Philosophy
650 #0 - SUBJECT ADDED ENTRY--TOPICAL TERM
Topical term or geographic name as entry element Analysis (Philosophy)
9 (RLIN) 282
Topical term or geographic name as entry element Knowledge, Theory of.
9 (RLIN) 855
Topical term or geographic name as entry element Methodology.
9 (RLIN) 856
Topical term or geographic name as entry element Logical atomism.
9 (RLIN) 857
Topical term or geographic name as entry element Philosophy.
9 (RLIN) 858
942 ## - ADDED ENTRY ELEMENTS (KOHA)
Source of classification or shelving scheme Dewey Decimal Classification
Koha item type Books
Holdings
Lost status Source of classification or shelving scheme Damaged status Not for loan Collection code Permanent Location Current Location Shelving location Date acquired Source of acquisition Cost, normal purchase price Total Checkouts Full call number Date last seen Copy number Koha item type Date checked out
  Dewey Decimal Classification     Non-fiction Central Library, University of Rajshahi Central Library, University of Rajshahi   17/02/1973 Britain gift 0.00   146.4 RUO 1972 16/11/2013 C-10 Books  
  Dewey Decimal Classification     Non-fiction Central Library, University of Rajshahi Central Library, University of Rajshahi   07/02/1963 Zeitlinger 18.00   146.4 RUO 1961 30/03/2014 C-3 Books  
  Dewey Decimal Classification     Non-fiction Central Library, University of Rajshahi Central Library, University of Rajshahi   07/02/1963 Zeitlinger 18.00   146.4 RUO 1961 30/03/2014 C-4 Books  
  Dewey Decimal Classification     Non-fiction Central Library, University of Rajshahi Central Library, University of Rajshahi   25/10/1990 Shawket Osman     146.4 RUO 1949 16/04/2014 C-2 Books  
  Dewey Decimal Classification     Non-fiction Central Library, University of Rajshahi Central Library, University of Rajshahi   07/02/1963 Zeitlinger 18.00   146.4 RUO 1952 23/04/2014 C-6 Books  
  Dewey Decimal Classification     Non-fiction Central Library, University of Rajshahi Central Library, University of Rajshahi   07/03/1963 Zeitlinger 18.00   146.4 RUO 1952 23/04/2014 C-5 Books  
  Dewey Decimal Classification     Non-fiction Central Library, University of Rajshahi Central Library, University of Rajshahi   17/02/1973 Britain   1 146.4 RUO 1972 25/02/2024 C-7 Books 08/02/2024
  Dewey Decimal Classification     Non-fiction Central Library, University of Rajshahi Central Library, University of Rajshahi   07/03/1963 Zeitlinger 18.00   146.4 RUO 1952 25/07/2016 C-8 Books  
  Dewey Decimal Classification   Not For Loan Non-fiction Central Library, University of Rajshahi Central Library, University of Rajshahi Reading Room 07/02/1963 Zeitlinger 18.00   146.4 RUO 1961 03/12/2016 C-1 Books